000 00677nam a2200241 a 4500
999 _c475
_d475
008 190823s2003 ii a|||gd|||| 001 0 eng d
020 _a9788177581652
_cRs. 425.00
040 _aKO
_beng
041 0 _aeng
044 _aii
082 0 4 _223
_a004.6
_bT155
100 1 _aTanenbaum, Andrew S.
245 1 0 _aComputer Networks /
_cAndrew S. Tanenbaum
250 _a4th ed.
260 _aNoida :
_bDorling Kindersley (India) Pvt. Ltd,
_c2003
300 _axx, 891 p. :
_bill. ;
_c24 cm.
504 _aIncludes index.
650 0 _aComputer networks
_vTextbooks
650 0 _aComputers
_vTextbooks
650 0 _aData transmission systems
_vTextbooks
942 _cBK